Memòria 1951
Descripción Física:
v. ; 30 cm ; 12cm
MARC
| LEADER | 00000nam a2200000Ia 4500 | ||
|---|---|---|---|
| 001 | 20904 | ||
| 003 | Arxiu | ||
| 008 | 160829s1984 - xx 000 0 cat d | ||
| 080 | |a Memòries | ||
| 110 | 1 | |a Barcelona (Catalunya : Província). |b Diputació |9 52408 | |
| 240 | |a Memòria 1951 | ||
| 245 | |a Memòria 1951 | ||
| 260 | |a Barcelona : |b Diputació. Presidència, |c 1951 | ||
| 300 | |a v. ; |c 30 cm ; |c 12cm | ||
| 650 | 0 | |a Barcelona (Catalunya : Província). Diputació |x Memòries |9 23006 | |
| 710 | 1 | |a Barcelona (Catalunya : Província). |b Diputació |9 52408 | |
| 710 | 1 | |a Catalunya. |b Diputació Provincial |9 54288 | |
| 856 | |u https://www.diba.cat/documents/94831/366392651/1951_baixa.pdf/c6ecfcf3-0024-605b-741f-635cdc365482?t=1648214224472 |z bib_20904_1951.pdf | ||
| 900 | |a bib_20904_1951_baixa.pdf | ||
| 901 | |a Arxiu | ||
| 942 | |n 1 |2 udc |c ARXIU | ||
| 952 | |0 0 |1 0 |2 udc |4 0 |6 MEMÒRIES |7 1 |9 63611 |a Arxiu |b Arxiu |d 2022-08-30 |o Memòries |p 20904 |r 2022-08-30 00:00:00 |w 2022-08-30 |y ARXIU |z Digitalitzat | ||
| 999 | |c 80673 |d 80673 | ||